Guía de buenas prácticas en la negociación, elaboración, implementación, seguimiento y evaluación de Planes de Igualdad en empresas sin representación sindical (Record no. 59039)
[ view plain ]
| 000 -LEADER | |
|---|---|
| campo de control de longitud fija | 01237nam a2200241Ia 4500 |
| 008 - DATOS DE LONGITUD FIJA--INFORMACIÓN GENERAL | |
| campo de control de longitud fija | 240223s2024 sp 000 0 spa d |
| 041 ## - CÓDIGO DE IDIOMA | |
| Código de lengua del texto/banda sonora o título independiente | spa |
| 110 2# - ENTRADA PRINCIPAL--NOMBRE DE ENTIDAD CORPORATIVA | |
| Nombre de entidad corporativa o nombre de jurisdicción como elemento de entrada | CCOO |
| Unidad subordinada | Confederación Sindical |
| -- | Secretaría de Mujeres, Igualdad y Condiciones de Trabajo |
| 9 (RLIN) | 1831 |
| 245 10 - MENCIÓN DEL TÍTULO | |
| Título | Guía de buenas prácticas en la negociación, elaboración, implementación, seguimiento y evaluación de Planes de Igualdad en empresas sin representación sindical |
| Resto del título | : 2024 |
| Mención de responsabilidad, etc. | / Secretaría Confederal de Mujeres, Igualdad y Condiciones de Trabajo de CCOO |
| 260 ## - PUBLICACIÓN, DISTRIBUCIÓN, ETC. | |
| Lugar de publicación, distribución, etc. | [Madrid] : |
| Nombre del editor, distribuidor, etc. | CCOO, Secretaría Confederal de Mujeres, Igualdad y Condiciones de Trabajo, |
| Fecha de publicación, distribución, etc. | 2024 |
| 300 ## - DESCRIPCIÓN FÍSICA | |
| Extensión | 94 p. ; |
| Dimensiones | 25 cm |
| 500 ## - NOTA GENERAL | |
| Nota general | Elaborado en el Marco del Proyecto "Más acción sindical para mejorar la implementación de la igualdad en las empresas sin representación legal de las personas trabajadoras" |
| 650 #0 - PUNTO DE ACCESO ADICIONAL DE MATERIA--TÉRMINO DE MATERIA | |
| Término de materia o nombre geográfico como elemento de entrada | MUJERES |
| 9 (RLIN) | 199 |
| 650 #0 - PUNTO DE ACCESO ADICIONAL DE MATERIA--TÉRMINO DE MATERIA | |
| Término de materia o nombre geográfico como elemento de entrada | IGUALDAD DE GENERO |
| 9 (RLIN) | 5513 |
| 650 #0 - PUNTO DE ACCESO ADICIONAL DE MATERIA--TÉRMINO DE MATERIA | |
| Término de materia o nombre geográfico como elemento de entrada | IGUALDAD DE DERECHOS |
| 9 (RLIN) | 1832 |
| 650 #0 - PUNTO DE ACCESO ADICIONAL DE MATERIA--TÉRMINO DE MATERIA | |
| Término de materia o nombre geográfico como elemento de entrada | IGUALDAD DE REMUNERACION |
| 9 (RLIN) | 402 |
| 650 #0 - PUNTO DE ACCESO ADICIONAL DE MATERIA--TÉRMINO DE MATERIA | |
| Término de materia o nombre geográfico como elemento de entrada | ACTITUD SINDICAL |
| 9 (RLIN) | 61 |
| 650 #0 - PUNTO DE ACCESO ADICIONAL DE MATERIA--TÉRMINO DE MATERIA | |
| Término de materia o nombre geográfico como elemento de entrada | PLAN DE IGUALDAD |
| 9 (RLIN) | 9509 |
| 650 #0 - PUNTO DE ACCESO ADICIONAL DE MATERIA--TÉRMINO DE MATERIA | |
| Término de materia o nombre geográfico como elemento de entrada | NEGOCIACION COLECTIVA |
| 9 (RLIN) | 74 |
| 650 #0 - PUNTO DE ACCESO ADICIONAL DE MATERIA--TÉRMINO DE MATERIA | |
| Término de materia o nombre geográfico como elemento de entrada | GUIA |
| 9 (RLIN) | 186 |
| 710 2# - ENTRADA AGREGADA--NOMBRE DE ENTIDAD CORPORATIVA | |
| 9 (RLIN) | 37909 |
| Nombre de entidad corporativa o nombre de jurisdicción como elemento de entrada | INSTITUTO DE LAS MUJERES |
| Sede del congreso/Lugar de la reunión | España |
| 942 ## - ELEMENTOS DE ENTRADA SECUNDARIOS (KOHA) | |
| Tipo de ítem Koha | Monografía |
| Fuente del sistema de clasificación o colocación | Clasificación Decimal Dewey |
| Estatus retirado | Estado de pérdida | Fuente del sistema de clasificación o colocación | Estado de daño | No para préstamo | Biblioteca de origen | Biblioteca actual | Fecha de adquisición | Número de inventario | Total de préstamos | Signatura topográfica completa | Código de barras | Visto por última vez | Precio de reemplazo | Tipo de ítem Koha | Identificador Uniforme de Recursos |
|---|---|---|---|---|---|---|---|---|---|---|---|---|---|---|---|
| Clasificación Decimal Dewey | CENDO | CENDO | 23/02/2024 | 067606 | CD-17892 | 2024-0309 | 23/02/2024 | 23/02/2024 | Monografía | ||||||
| Clasificación Decimal Dewey | CENDO | CENDO | 17/09/2024 | 069016 | 2024-1577 | 17/09/2024 | 17/09/2024 | Documento Electrónico | https://docpublicos.ccoo.es/cendoc/069016PlanesIgualdadSinRepresentacion.pdf |